000 00494nam a22001817a 4500
005 20250217100816.0
008 250217b |||||||| |||| 00| 0 eng d
020 _a9780071221009
050 _aHF5718
_b.L633 LOC
100 _aLocker, O. Kitty
245 _aBusiness communication;
_bbuilding critical skills
250 _a5th
260 _aNew York
_bMcGraw-Hill
_cc2011
300 _axxxi,575p;
_bill.;
500 _aincludes index
700 _aKaczmarek, Stephen Kyo
942 _2lcc
_cBK
_n0
999 _c3893
_d3893